000 01217aam a2200301 4500
001 20833
003 CO-MdFUSB
005 20180622165152.0
008 170310t2008 enkob||g |||| 00| 0 eng d
020 _a978-0-8010-4729-9
040 _aCO-MdFUSB
_bspa
_cCO-MdFUSB
_dCO-MdFUSBC
_erda
041 _aeng
082 _224
_aG 232.8
_bN374t
100 1 _aNeed, Stephen W.
_eautor
245 1 0 _aTruly divine and truly human
_b: The story of Christ and the seven ecumenical councils
_c/ Stephen W. Need
264 1 _aLondon :
_bSPCK,
_c℗2008
264 4 _c©2008
300 _axvii, 181 páginas
_b:
_c;
336 _2rdacontent
_a1
_ba1
337 _2rdamedia
_a2
_b5
338 _2rdacarrier
_a2
_b5
501 _aIncluye índice (p. 177-181)
505 0 0 _aEn el principio: Los títulos de Jesús - Un cuento de dos ciudades: Antioquía y Alejandría - El Concilio de Nicea (325 CE) - El Concilio de Constantinopla (381 CE) - El Concilio de Éfeso (431 CE) - El Concilio de Calcedonia (451 CE) - Dos Concilios de Constantinopla (553 y 680-1 CE) - El segundo Concilio de Nicea (787 CE) - Los concilios de hoy
563 _aRústico
650 7 _9239
_aCristología
942 _cBK
999 _c47184
_d47184